[Event "Espalion op 1st"]
[Site "Espalion"]
[Date "2016.07.12"]
[Round "5"]
[White "Fabre, Jean Michel"]
[Black "Ferraye, Elio"]
[Result "1-0"]
[WhiteElo "1328"]
[BlackElo "1250"]
[PlyCount "69"]
[EventDate "2016.07.09"]
[EventType "swiss"]
[EventRounds "9"]
[EventCountry "FRA"]
[SourceTitle "CBM 173 Extra"]
[Source "ChessBase"]
[SourceDate "2016.08.29"]
[SourceVersion "1"]
[SourceVersionDate "2016.08.29"]
[SourceQuality "1"]

1. d4 d5 2. c4 Nf6 3. cxd5 Qxd5 4. Nc3 Qd8 5. e4 Nc6 6. Nf3 Bg4 7. Bb5 a6 8. Bxc6+ bxc6 9. Be3 e6 10. e5 Nd5 11. Bd2 Bb4 12. 0-0 0-0 13. Rb1 Rb8 14. Rc1 f6 15. exf6 Qxf6 16. Nxd5 cxd5 17. Bxb4 Rxb4 18. Rxc7 Qg6 19. Rc3 Rb7 20. Kh1 Rbf7 21. Rg1 Bxf3 22. gxf3 Qh5 23. Rg3 Rf6 24. Qe2 Rh6 25. Rg2 Rg6 26. Rg3 Rxg3 27. fxg3 Qh3 28. Qg2 Qf5 29. Qe2 Qb1+ 30. Kg2 h6 31. Qxe6+ Kh7 32. Qe2 Rb8 33. Qc2+ Qxc2+ 34. Rxc2 Rb4 35. Rd2 1-0